00335nam a2200121Ia 45000010005000000080041000050820028000461000035000742450038001092600024001479010027001719990015001981713241024s9999 xx 000 0 und d aRD/372.6/R426g/2010/v.1 aRepública Dominicana. MINERD 0aGuía Didáctica. Nivel Inicial bSanto Domingoc2010 a16/9/2011 9:12:47 a.m. c8685d8685